000 01104nam a22002297a 4500
999 _c8314
_d8314
003 AR-CdUCM
008 190322b ||||| |||| 00| 0 spa d
040 _aMUNICIPALIDAD PROVINCIAL DEL CUSCO
_cBIBLIOTECA MUNICIPAL DEL CUSCO
082 _a985.008 /
_bC73
100 _aComisión nacional de sesquicentenario de la independencia del Perú
_922000
245 _aMisiones peruanas 1820-1826 /
260 _aLima :
_bComisión nacional de sesquicentenario de la independencia del Perú,
_c1975.
300 _a3 volúmenes ;
_c24 cm.
440 _aColección documental de la independencia del Perú.
_921856
505 _aContenido: V.1: Las primeras misiones diplomáticas en América -- V.2: Misión García del Río-Paroissien -- V.3: Relaciones diplomáticas con Gran Bretaña.
650 _aV.1 Las primeras misiones diplomáticas en América
_923359
650 _aV.2 Misión García del Río-Paroissien
_923360
650 _aV.3 Relaciones diplomáticas con Gran Bretaña
_923361
700 _aOrtiz de Zevallos, Carlos (recopilación y prólogo)
_923362
942 _2ddc
_cLIBROS
945 _adavv